00313pab a2200121 454500008004000000100002000040245006400060260000900124300001300133362001900146650001100165773001500176180718b1999 xxu||||| |||| 00| 0 eng d aGatade, Subhash aRising from the ashes?: labour at the end of the millennium c1999 ap.131-35 a25 Dec, Annual aLabour aMainstream